000 00374nam a2200133 i 4500
001 bg
100 1 _aJAWORSKA-AUGUSTYNIAK, A.
245 0 _aFotochemiczne własności elektrono-donorowo-akceptorowych kompleksów... /
_cA.Jaworowska-Augustyniak.
260 _aPoznań,
_c1988.
040 _cBPK
041 _apol
942 _cKS
008 s pl f |000 0 pol
999 _c28791
_d28791
856 _uhttp://koha.tu.koszalin.pl/cgi-bin/koha/opac-detail.pl?biblionumber=28791
_yKatalog online BPK